Rating 2010 (Record no. 109702)
[ view plain ]
| 000 -LEADER | |
|---|---|
| fixed length control field | 01107cad a22002415a 4500 |
| 001 - CONTROL NUMBER | |
| control field | L147717 |
| 008 - FIXED-LENGTH DATA ELEMENTS--GENERAL INFORMATION | |
| fixed length control field | 090608s2009 xxuado f s 000 0 eng d |
| 035 ## - SYSTEM CONTROL NUMBER | |
| System control number | (Sirsi) u147717 |
| 041 0# - LANGUAGE CODE | |
| Language code of text/sound track or separate title | eng |
| 050 04 - LIBRARY OF CONGRESS CALL NUMBER | |
| Classification number | 333.33 $2 18 |
| 110 2# - MAIN ENTRY--CORPORATE NAME | |
| Corporate name or jurisdiction name as entry element | Colliers CRE |
| 9 (RLIN) | 5075 |
| 245 00 - TITLE STATEMENT | |
| Title | Rating 2010 |
| Remainder of title | spring 2009 |
| Medium | [electronic resource] |
| 260 ## - PUBLICATION, DISTRIBUTION, ETC. | |
| Place of publication, distribution, etc. | London |
| Name of publisher, distributor, etc. | Colliers CRE |
| Date of publication, distribution, etc. | 2009 |
| 490 #0 - SERIES STATEMENT | |
| Series statement | Colliers CRE Rating 2010 |
| Volume/sequential designation | Spring 2009 |
| 520 ## - SUMMARY, ETC. | |
| Summary, etc. | Research paper on 2010 ratings. Analyses rating trends in property sectors and impacts on future rates liabilities. Discusses key property rental values for the industry, the retail and the office sectors and assesses prime rents between April 2003 and April 2008. Finds an increase in commercial property rental values during this period. |
| 521 ## - TARGET AUDIENCE NOTE | |
| Target audience note | Advanced |
| 590 ## - LOCAL NOTE (RLIN) | |
| Local note | KA NTK |
| 650 24 - SUBJECT ADDED ENTRY--TOPICAL TERM | |
| Topical term or geographic name entry element | COLLIERS CRE RATING 2010 |
| 651 #4 - SUBJECT ADDED ENTRY--GEOGRAPHIC NAME | |
| Geographic name | United Kingdom |
| Chronological subdivision | |
| 690 ## - LOCAL SUBJECT ADDED ENTRY--TOPICAL TERM (OCLC, RLIN) | |
| Topical term or geographic name as entry element | PROPERTY-COMMERCIAL PROPERTY-COMMERCIAL PROPERTY MARKET |
| 856 40 - ELECTRONIC LOCATION AND ACCESS | |
| Uniform Resource Identifier | <a href="https://www.collierscre.com/marketReports/speciality.aspx">https://www.collierscre.com/marketReports/speciality.aspx</a> |
| Public note | View the report free of charge at www.collierscre.com... |
| 942 ## - ADDED ENTRY ELEMENTS (KOHA) | |
| Suppress in OPAC | 0 |
| Withdrawn status | Lost status | Source of classification or shelving scheme | Damaged status | Not for loan | Home library | Current library | Shelving location | Date acquired | Total Checkouts | Full call number | Barcode | Date last seen | Copy number | Price effective from | Koha item type |
|---|---|---|---|---|---|---|---|---|---|---|---|---|---|---|---|
| Dewey Decimal Classification | Virtual | Virtual | Online | 08/06/2009 | ONLINE PUBLICATION | 147717-2001 | 06/08/2019 | 1 | 06/08/2019 | Book |